Statistiques concernant Équipe du Maroc - le quiz

Cliquez ici pour prendre le quiz!

Statistiques générales

  • Ce quiz a été pris 271 fois
    (253 depuis la dernière actualisation)
  • Le résultat moyen est 10 sur 20

Statistiques - réponses

QuestionRéponse% Correct
Combien de CAN a remporté le Maroc ?1
91%
Quel ancien latéral du Real Madrid, du Borussia Dortmund ou encore de l’Inter Milan est la véritable star de l’équipe actuelle ?Achraf Hakimi
89%
Quelle équipe ont-ils éliminés en quarts de finale, créant un véritable exploit ?Portugal
75%
Qui est actuellement capitaine de l’équipe ?Romain Saïss
72%
Quel est le surnom de la sélection marocaine ?Les lions de l’atlas
71%
Quel sélectionneur français entraîne les marocains de 2016 à 2019 ?Hervé Renard
69%
Qui lui succède sur le banc marocain ?Walid Regragui
66%
Quelle équipe élimine le Maroc en huitièmes de finale de la CAN 2023 ?Afrique du Sud
64%
Contre quelle équipe les marocains s’inclinent en petite finale du Mondial 2022 ?Croatie
64%
Quel ancien défenseur du Bayern et de la Juventus, ancien capitaine de la sélection en était une véritable star entre 2008 et 2019 ?Mehdi Benatia
61%
En quelle année le Maroc remporte la CAN ?1976
57%
Qui est actuellement l’équipementier de la sélection ?Puma
44%
Quel entraîneur bosniaque entraîne le Maroc entre 2019 et 2022, dont l’aventure se terminera mal ?Vahid Halilhodžić
42%
Quel ancien joueur de Bordeaux et Arsenal est une tête d’affiche de la sélection de 2003 à 2014 ?Marouane Chamakh
38%
En quelle année le Maroc dispute sa première Coupe du Monde ?1970
35%
À quelle stade de la Coupe du Monde 2018 le Maroc est éliminé ?Phase de groupes
35%
Quel ancien joueur de Nancy et d’Aston Villa est une figure du Maroc entre 1993 et 2002 ?Mustapha Hadji
30%
Qui est actuellement le joueur le plus capé de l’histoire de la sélection ?Noureddine Naybet
19%
Qui est actuellement le meilleur buteur de l’histoire de la sélection ?Ahmed Faras
12%
Quel entraîneur, notamment vainqueur de l’Euro 2000 avec la France, coache la sélection de 2008 à 2009 ?Roger Lemerre
7%

Distribution des résultats

Percentile par nombre de réponses

% des personnes avec chaque résultat

Votre développement - résultats

Vous n’avez pas pris ce quiz depuis la dernière actualisation